000 00834cam a2200253 a 4500
999 _c3644
_d3644
003 OSt
005 20220131071300.0
008 840731s1984 caua b 000 0 eng
020 _a0803921330 (pbk.) :
040 _cDLC
050 0 0 _aQA273
_b.A545 1984
100 1 _aAldrich, John Herbert,
_d1947-
245 1 0 _aLinear probability, logit, and probit models /
_cJohn H. Aldrich, Forrest D. Nelson.
260 _aBeverly Hills :
_bSage Publications,
_cc1984.
300 _a95 p. :
_bill. ;
_c22 cm.
440 0 _aSage university papers series.
_pQuantitative applications in the social sciences ;
_vno. 07-045
504 _aBibliography: p. 93-94.
650 0 _aProbabilities.
650 0 _aLogits.
650 0 _aProbits.
700 1 _aNelson, Forrest D.
906 _a7
_bcbc
_corignew
_d2
_eocip
_f19
_gy-gencatlg
942 _2lcc
_cBK